[Event "Thailand Pattaya Open 2018"]
[Site "Pattaya"]
[Date "2018.10.29"]
[Round "6"]
[White "Nguyen, Huynh Minh Huy"]
[Black "Villamayor, Buenaventura"]
[Result "1/2-1/2"]
[WhiteElo "2410"]
[BlackElo "2403"]
[Annotator "TA"]
[PlyCount "134"]
[EventDate "2018.10.24"]
[EventType "swiss"]
[EventCountry "THA"]
[SourceTitle "playchess.com"]
[Source "ChessBase"]
[SourceQuality "1"]

{[%evp 9,134,58,58,58,64,49,74,70,96,97,134,119,143,138,130,153,145,131,143,138,163,151,137,112,120,104,109,100,115,75,85,80,162,155,192,91,120,77,100,79,86,79,77,75,90,75,102,80,93,85,78,37,34,27,46,43,31,0,0,3,12,0,6,0,0,0,0,0,0,0,0,0,0,0,0,0,0,0,0,0,0,0,4,0,0,0,49,49,85,85,85,49,49,49,49,49,49,0,49,49,49,49,49,49,49,49,49,49,49,8,8,8,8,0,0,0,8,0,8,8,8,0,0,0,0,0,0]} 1. d4 b5 2. e4 Bb7 3. Bd3 Nf6 4. Nd2 (4. Qe2 c5 5. dxc5 Na6 6. f3 Nxc5 7. Bxb5 a6 8. Bc4 d5 9. exd5 Nxd5 10. Nh3 e6 11. O-O Bd6 12. Bxd5 Bxd5 {1-0 (26) Aczel,G (2538)-Vojtek,V (2310) Banska Stiavnica 2018}) 4... e6 5. Ngf3 c5 6. dxc5 {A40: Unusual replies to 1 d4} Bxc5 7. e5 Ng4 8. O-O {White is better.} Qc7 $146 ({Predecessor:} 8... Qb6 9. Qe1 Bxf3 10. gxf3 Nh6 11. Ne4 d5 {0-1 (35) Marcos Herrero,F (1838)-Sebastian Enesco,A (1807) Tres Cantos 2011}) 9. Ne4 ({Weaker is} 9. Bxb5 Nxf2 10. Rxf2 Bxf2+ 11. Kxf2 Qc5+ 12. Kg3 Qxb5 $17) 9... Nxe5 10. Bf4 Nxf3+ 11. Qxf3 Qb6 {[#] Black wants to play ...f5.} 12. Qg3 $1 Bxe4 13. Bxe4 Nc6 14. Bc7 Qb7 15. Qxg7 Rf8 16. Qg3 d5 17. Bxh7 Kd7 18. Bf4 Rh8 19. Qg7 Raf8 20. c3 Bd6 (20... Kc8 $16) 21. Bxd6 $18 Kxd6 22. Qg3+ (22. a4 $18 {has better winning chances.}) 22... Ke7 23. Bd3 Rfg8 24. Qf4 (24. Qe3 {is more complex.} b4 25. Qc5+ Kf6 26. Bb5 Ne7 27. Rac1) 24... Qb8 25. Qxb8 Rxb8 26. Rfe1 Kd6 27. Rad1 a5 28. g3 Ne5 {next ...Nf3+ is good for Black.} 29. Be2 Rhc8 30. Rd2 b4 31. cxb4 Rxb4 32. f4 Nd7 33. Bh5 f5 34. Bf3 Rcb8 35. b3 Nc5 36. Bd1 Ne4 37. Rc2 a4 38. bxa4 Rxa4 39. Rc6+ Kxc6 40. Bxa4+ $11 {[%mdl 4096] Endgame KRB-KRN} Kd6 41. Bb3 Nd2 {[#] And now ...Nf3+ would win.} 42. Re3 Ra8 43. Kf2 Ne4+ 44. Ke1 Nc5 45. Re2 Ne4 46. Rc2 Nc5 47. Kd2 d4 48. Rc4 Nxb3+ 49. axb3 $14 {KR-KR} Ra2+ 50. Kd3 {aiming for Rc2.} Rxh2 51. Rxd4+ Kc6 52. Kc3 Re2 53. Rd3 e5 54. fxe5 Rxe5 55. Kd2 Re4 56. Rf3 Rg4 57. Ke2 Kd6 58. Rd3+ Ke5 59. Kf3 Rb4 {The position is equal.} 60. Re3+ Kd5 61. Rd3+ Ke5 62. Rc3 Kd5 63. Re3 Rg4 64. Rd3+ Ke5 65. Ke2 f4 66. gxf4+ Rxf4 67. Kd2 Rd4 {Precision: White = 61%, Black = 68%.} 1/2-1/2

[Event "Thailand Pattaya Open 2018"]
[Site "Pattaya"]
[Date "2018.10.29"]
[Round "6"]
[White "Grafil, Franz Robert"]
[Black "Laylo, Darwin"]
[Result "0-1"]
[WhiteElo "2219"]
[BlackElo "2427"]
[Annotator "RC"]
[PlyCount "116"]
[EventDate "2018.10.24"]
[EventType "swiss"]
[EventCountry "THA"]
[SourceTitle "playchess.com"]
[Source "ChessBase"]
[SourceQuality "1"]
[TimeControl "5400+30"]

1. Nf3 {[%emt 0:00:00]} Nf6 {[%emt 0:07:55]} 2. c4 {[%emt 0:00:26]} g6 {[%emt 0:01:24]} 3. b4 {[%emt 0:00:29]} a5 {[%emt 0:00:56]} 4. b5 {[%emt 0:01:32]} c6 {[%emt 0:02:43]} 5. e3 {[%emt 0:01:50]} Bg7 {[%emt 0:01:37]} 6. Bb2 {[%emt 0:00:23]} O-O {[%emt 0:01:39]} 7. Be2 {[%emt 0:00:28]} a4 {[%emt 0:02:14]} 8. Na3 {[%emt 0:01:01]} d5 {[%emt 0:00:24]} 9. O-O {[%emt 0:01:34]} Bg4 {[%emt 0:05:32]} 10. Rb1 {[%emt 0:04:13]} Nbd7 {[%emt 0:01:04]} 11. bxc6 {[%emt 0:01:19]} bxc6 {[%emt 0:00:02]} 12. Nd4 {[%emt 0:00:12]} Bxe2 {[%emt 0:01:16]} 13. Qxe2 {[%emt 0:00:13]} Rc8 {[%emt 0:05:30]} 14. cxd5 {[%emt 0:03:57]} cxd5 {[%emt 0:00:27]} 15. Rfc1 {[%emt 0:00:40]} Nc5 {[%emt 0:00:30]} 16. Nab5 {[%emt 0:01:20]} Qd7 {[%emt 0:04:25]} 17. Ba3 {[%emt 0:05:22]} Ne6 {[%emt 0:00:05]} 18. Nxe6 {[%emt 0:15:33]} Qxe6 {[%emt 0:00:11]} 19. Nd4 {[%emt 0:02:11]} Qd7 {[%emt 0:00:49]} 20. Qb5 {[%emt 0:01:36]} Rxc1+ {[%emt 0:02:09]} 21. Rxc1 {[%emt 0:01:04]} Qxb5 {[%emt 0:01:31]} 22. Nxb5 {[%emt 0:00:02]} Re8 {[%emt 0:00:01]} 23. f3 {[%emt 0:07:26]} e5 {[%emt 0:07:14]} 24. Nd6 {[%emt 0:01:55]} Rb8 {[%emt 0:00:51]} 25. Rc8+ {[%emt 0:10:51]} Rxc8 {[%emt 0:00:09]} 26. Nxc8 {[%emt 0:00:02]} Bf8 {[%emt 0:00:12]} 27. Bxf8 {[%emt 0:02:51]} Kxf8 {[%emt 0:00:01]} 28. Kf2 {[%emt 0:00:37]} Nd7 {[%emt 0:02:13]} 29. Ke2 {[%emt 0:03:53]} e4 {[%emt 0:00:39]} 30. d4 {[%emt 0:01:06]} f5 {[%emt 0:01:18]} 31. f4 {[%emt 0:01:40]} Ke8 {[%emt 0:00:15]} 32. h3 {[%emt 0:00:30]} Kd8 {[%emt 0:01:16]} 33. Nd6 {[%emt 0:05:02]} Nb6 {[%emt 0:01:10]} 34. g4 {[%emt 0:25:42]} Ke7 {[%emt 0:00:34]} 35. Nb5 {[%emt 0:00:00]} fxg4 {[%emt 0:04:41]} 36. hxg4 {[%emt 0:00:00]} h6 {[%emt 0:01:12]} 37. a3 {[%emt 0:00:00]} h5 {[%emt 0:00:44]} 38. gxh5 {[%emt 0:00:00]} gxh5 {[%emt 0:00:01]} 39. Nc3 {[%emt 0:00:00]} Ke6 {[%emt 0:00:18]} 40. Kf2 {[%emt 0:00:00]} h4 {[%emt 0:02:29]} 41. Kg2 {[%emt 0:00:00]} Nc4 {[%emt 0:00:38]} 42. Kf2 {[%emt 0:00:00]} h3 {[%emt 0:02:33]} 43. Kg3 {[%emt 0:00:00]} Nxe3 {[%emt 0:00:50]} 44. Kxh3 {[%emt 0:00:00]} Nc2 {[%emt 0:00:52]} 45. Nxa4 {[%emt 0:00:00]} Nxd4 {[%emt 0:02:59]} 46. Nc3 {[%emt 0:00:00]} e3 {[%emt 0:00:17]} 47. Kg2 {[%emt 0:00:00]} Nc2 {[%emt 0:01:36]} 48. Kf3 {[%emt 0:00:00]} d4 {[%emt 0:00:17]} 49. Nd1 {[%emt 0:00:00]} Ne1+ {[%emt 0:06:10]} 50. Ke2 {[%emt 0:00:00]} Ng2 {[%emt 0:00:08]} 51. Kf3 {[%emt 0:00:00]} Kf5 {[%emt 0:00:56]} 52. a4 {[%emt 0:01:45]} Nh4+ {[%emt 0:01:36]} 53. Ke2 {[%emt 0:00:01]} Ke4 {[%emt 0:00:35]} 54. Nb2 {[%emt 0:02:12]} Nf5 {[%emt 0:00:29]} 55. a5 {[%emt 0:00:17]} d3+ {[%emt 0:00:11]} 56. Nxd3 {[%emt 0:02:56]} Nd4+ {[%emt 0:00:02]} 57. Ke1 {[%emt 0:00:26]} Kxd3 {[%emt 0:00:04]} 58. a6 {[%emt 0:00:15]} e2 {[%emt 0:00:15]} 0-1

[Event "Thailand Pattaya Open 2018"]
[Site "Pattaya"]
[Date "2018.10.29"]
[Round "6"]
[White "Saeheng, Boonsueb"]
[Black "Quizon, Daniel"]
[Result "1/2-1/2"]
[WhiteElo "2163"]
[BlackElo "2334"]
[Annotator "NA"]
[PlyCount "53"]
[EventDate "2018.10.24"]
[EventType "swiss"]
[EventCountry "THA"]
[SourceTitle "playchess.com"]
[Source "ChessBase"]
[SourceQuality "1"]
[TimeControl "5400+30"]

1. Nf3 {[%emt 0:00:00]} Nf6 {[%emt 0:00:19]} 2. c4 {[%emt 0:00:28]} g6 {[%emt 0:02:23]} 3. Nc3 {[%emt 0:00:45]} d6 {[%emt 0:00:41]} 4. d4 {[%emt 0:01:29]} Bg7 {[%emt 0:00:36]} 5. e4 {[%emt 0:02:34]} O-O {[%emt 0:01:21]} 6. Be2 {[%emt 0:03:41]} e5 {[%emt 0:00:55]} 7. O-O {[%emt 0:03:53]} exd4 {[%emt 0:03:45]} 8. Nxd4 {[%emt 0:01:28]} Nc6 {[%emt 0:00:27]} 9. Be3 {[%emt 0:04:10]} Re8 {[%emt 0:03:27]} 10. f3 {[%emt 0:00:43]} Nh5 {[%emt 0:08:12]} 11. Qd2 {[%emt 0:15:30]} Nf4 {[%emt 0:13:11]} 12. Nxc6 {[%emt 0:03:35]} Nxe2+ {[%emt 0:01:13]} 13. Nxe2 {[%emt 0:00:20]} bxc6 {[%emt 0:00:10]} 14. Bd4 {[%emt 0:02:00]} c5 {[%emt 0:02:12]} 15. Bxg7 {[%emt 0:03:09]} Kxg7 {[%emt 0:00:09]} 16. Nf4 {[%emt 0:01:15]} Be6 {[%emt 0:02:20]} 17. Qc3+ {[%emt 0:11:18]} Qf6 {[%emt 0:01:11]} 18. Rac1 {[%emt 0:00:18]} Rab8 {[%emt 0:04:21]} 19. b3 {[%emt 0:05:10]} Qxc3 {[%emt 0:00:49]} 20. Rxc3 {[%emt 0:01:04]} f6 {[%emt 0:00:21]} 21. Nxe6+ {[%emt 0:01:22]} Rxe6 {[%emt 0:00:06]} 22. Kf2 {[%emt 0:00:41]} a5 {[%emt 0:03:33]} 23. a4 {[%emt 0:05:22]} Ree8 {[%emt 0:05:40]} 24. Rd1 {[%emt 0:00:43]} Re5 {[%emt 0:03:56]} 25. Rd5 {[%emt 0:00:54]} Rbe8 {[%emt 0:01:07]} 26. Rcd3 {[%emt 0:01:02]} Rxd5 {[%emt 0:02:48]} 27. exd5 {[%emt 0:01:00]} 1/2-1/2

[Event "Thailand Pattaya Open 2018"]
[Site "Pattaya"]
[Date "2018.10.29"]
[Round "7"]
[White "Tran, Tuan Minh"]
[Black "Nguyen, Huynh Minh Huy"]
[Result "1-0"]
[WhiteElo "2506"]
[BlackElo "2410"]
[Annotator "ChessBase"]
[PlyCount "37"]
[EventDate "2018.10.24"]
[EventType "swiss"]
[EventCountry "THA"]
[SourceTitle "playchess.com"]
[Source "ChessBase"]
[SourceQuality "1"]
[TimeControl "5400+30"]

1. d4 {[%emt 0:01:25]} d5 {[%emt 0:00:00]} 2. c4 {[%emt 0:00:22]} c6 {[%emt 0:00:00]} 3. Nf3 {[%emt 0:00:06]} Nf6 {[%emt 0:00:04]} 4. e3 {[%emt 0:00:50]} e6 {[%emt 0:00:56]} 5. Nbd2 {[%emt 0:00:13]} Nbd7 {[%emt 0:06:56]} 6. Bd3 {[%emt 0:00:12]} c5 {[%emt 0:00:30]} 7. O-O {[%emt 0:00:30]} cxd4 {[%emt 0:00:30]} 8. Nxd4 {[%emt 0:00:30]} e5 {[%emt 0:00:30]} 9. Ne2 {[%emt 0:00:30]} Nb6 {[%emt 0:00:30]} 10. b3 {[%emt 0:00:30]} Be6 {[%emt 0:00:30]} 11. Bb2 {[%emt 0:00:30]} Bb4 {[%emt 0:00:30]} 12. Bxe5 {[%emt 0:00:30]} Bxd2 {[%emt 0:00:30]} 13. Bxf6 {[%emt 0:00:30]} Qxf6 {[%emt 0:00:30]} 14. cxd5 {[%emt 0:00:30]} O-O-O {[%emt 0:00:30]} 15. dxe6 {[%emt 0:00:30]} Rxd3 {[%emt 0:00:30]} 16. Qc2+ {[%emt 0:00:30]} Bc3 {[%emt 0:00:30]} 17. Rac1 {[%emt 0:00:30]} Rhd8 {[%emt 0:00:30]} 18. Nxc3 {[%emt 0:00:30]} Kb8 {[%emt 0:00:30]} 19. Nb5 {[%emt 0:00:30]} 1-0

[Event "Thailand Pattaya Open 2018"]
[Site "Pattaya"]
[Date "2018.10.29"]
[Round "7"]
[White "Laylo, Darwin"]
[Black "Saptarshi, Roy"]
[Result "1-0"]
[WhiteElo "2427"]
[BlackElo "2496"]
[Annotator "TA"]
[PlyCount "67"]
[EventDate "2018.10.24"]
[EventType "swiss"]
[EventCountry "THA"]
[SourceTitle "playchess.com"]
[Source "ChessBase"]
[SourceQuality "1"]

{[%evp 16,67,41,27,35,15,9,7,70,59,59,56,56,3,45,39,29,44,97,59,103,100,134,127,131,136,218,226,212,216,214,212,212,202,329,322,535,536,905,901,1906,1806,29989,2045,29987,29978,2658,1089,29990,29991,29991,29992,29995,644]} 1. d4 d5 2. Nf3 e6 3. c4 c6 4. e3 Nf6 5. Bd3 dxc4 6. Bxc4 b5 7. Bd3 {D30: Queen's Gambit Declined: Systems without Nc3} a6 8. a4 Bb7 9. e4 {LiveBook: 4 Games. White is slightly better.} Nbd7 10. e5 Nd5 11. O-O b4 (11... Be7 $11) 12. Bg5 $14 Qb8 13. Nbd2 c5 14. Nb3 $146 ({Better is} 14. Re1 $14) ({Predecessor:} 14. Re1 cxd4 15. Nc4 Bc5 16. Na5 Bb6 17. Nxb7 Qxb7 {½-½ (38) Pham,C (2349)-Lu,S (2522) Ho Chi Minh City 2012}) 14... h6 15. Bd2 cxd4 16. Qe2 Bc5 (16... g6 $14) 17. Rac1 $36 {[%mdl 3072] White has strong compensation. Black is under pressure.} Bb6 18. Rfe1 Qa7 19. a5 Bc5 20. Rc4 Be7 (20... Rc8 $16) 21. Nfxd4 $18 Nc5 22. Nxc5 Bxc5 23. Nb3 Be7 24. Rec1 Rd8 (24... h5 $142 25. Nc5 Bxc5) 25. Qh5 g5 $2 (25... Kf8 26. Nc5 Bxc5 27. Rxc5 Qb8) 26. Nd4 Nf4 27. Bxf4 $1 gxf4 28. Nxe6 {[#] White threatens Ng7+ and mate.} Rxd3 29. Nc7+ (29. Ng7+ $142 Kf8 30. e6 Qxf2+ 31. Kxf2 Bh4+ 32. Kg1 Rd7 33. exd7 Rg8 34. Qxh6) 29... Kf8 30. Rxf4 {[%csl Gf4][%cal Rh5f7]} Rh7 31. e6 (31. Qg6 $142 Bc6 32. Qxh7 Qxf2+ 33. Rxf2 Rd1+ 34. Rxd1 Bf6 35. exf6 Be8 36. Qh8#) 31... Be4 32. exf7 {[%cal Rc7e6] White mates.} Bf5 33. Rxf5 {[%cal Rc7e6]} Re3 {[#]} 34. Ne6+ $1 {[%mdl 512] Precision: White = 63%, Black = 29%.} 1-0

[Event "Thailand Pattaya Open 2018"]
[Site "Pattaya"]
[Date "2018.10.29"]
[Round "7"]
[White "Villamayor, Buenaventura"]
[Black "Habla, Jony"]
[Result "1-0"]
[WhiteElo "2403"]
[BlackElo "2170"]
[Annotator "NA"]
[PlyCount "117"]
[EventDate "2018.10.24"]
[EventType "swiss"]
[EventCountry "THA"]
[SourceTitle "playchess.com"]
[Source "ChessBase"]
[SourceQuality "1"]
[TimeControl "5400+30"]

1. c4 {[%emt 0:00:00]} e5 {[%emt 0:00:00]} 2. g3 {[%emt 0:00:01]} Nf6 {[%emt 0:00:00]} 3. Bg2 {[%emt 0:00:23]} Nc6 {[%emt 0:00:31]} 4. Nc3 {[%emt 0:00:22]} Bb4 {[%emt 0:00:57]} 5. Nd5 {[%emt 0:00:07]} Be7 {[%emt 0:00:19]} 6. e3 {[%emt 0:01:19]} O-O {[%emt 0:00:19]} 7. Ne2 {[%emt 0:00:45]} d6 {[%emt 0:01:45]} 8. O-O {[%emt 0:02:26]} Re8 {[%emt 0:00:38]} 9. d3 {[%emt 0:02:36]} Bd7 {[%emt 0:12:53]} 10. h3 {[%emt 0:03:51]} h6 {[%emt 0:07:33]} 11. e4 {[%emt 0:02:20]} a5 {[%emt 0:08:57]} 12. Be3 {[%emt 0:03:05]} Nb4 {[%emt 0:04:47]} 13. Nxe7+ {[%emt 0:16:27]} Qxe7 {[%emt 0:01:09]} 14. Nc3 {[%emt 0:00:07]} Reb8 {[%emt 0:12:44]} 15. Qd2 {[%emt 0:08:10]} a4 {[%emt 0:06:44]} 16. Kh2 {[%emt 0:17:57]} c5 {[%emt 0:05:01]} 17. f4 {[%emt 0:05:29]} a3 {[%emt 0:05:29]} 18. b3 {[%emt 0:02:41]} Ra6 {[%emt 0:00:28]} 19. Nd5 {[%emt 0:02:51]} Nfxd5 {[%emt 0:00:27]} 20. cxd5 {[%emt 0:01:03]} Bb5 {[%emt 0:01:16]} 21. fxe5 {[%emt 0:01:11]} dxe5 {[%emt 0:06:13]} 22. Rfc1 {[%emt 0:00:37]} b6 {[%emt 0:00:21]} 23. Bf1 {[%emt 0:01:44]} Kh7 {[%emt 0:00:57]} 24. Be2 {[%emt 0:00:57]} Ra7 {[%emt 0:02:41]} 25. Rf1 {[%emt 0:00:23]} Rd8 {[%emt 0:00:52]} 26. Rf5 {[%emt 0:01:47]} f6 {[%emt 0:01:30]} 27. Raf1 {[%emt 0:00:37]} Rd6 {[%emt 0:00:42]} 28. R5f3 {[%emt 0:03:22]} Qd8 {[%emt 0:18:47]} 29. g4 {[%emt 0:09:03]} Rc7 {[%emt 0:00:00]} 30. h4 {[%emt 0:00:58]} g5 {[%emt 0:00:00]} 31. Rh3 {[%emt 0:03:59]} Kg8 {[%emt 0:00:00]} 32. Kg2 {[%emt 0:01:52]} Rg7 {[%emt 0:00:00]} 33. Rfh1 {[%emt 0:01:38]} Rg6 {[%emt 0:00:00]} 34. Bf1 {[%emt 0:02:47]} Qd7 {[%emt 0:00:00]} 35. Be2 {[%emt 0:01:13]} Ba6 {[%emt 0:00:00]} 36. Bf2 {[%emt 0:00:45]} Bb7 {[%emt 0:00:00]} 37. hxg5 {[%emt 0:01:15]} fxg5 {[%emt 0:00:00]} 38. Bg3 {[%emt 0:00:18]} Nxd5 {[%emt 0:00:00]} 39. exd5 {[%emt 0:00:58]} Rxd5 {[%emt 0:00:29]} 40. Kg1 {[%emt 0:00:52]} e4 {[%emt 0:01:45]} 41. Rxh6 {[%emt 0:00:35]} Rxh6 {[%emt 0:00:15]} 42. Rxh6 {[%emt 0:00:01]} Qg7 {[%emt 0:01:30]} 43. Rh5 {[%emt 0:00:40]} Ba6 {[%emt 0:00:45]} 44. Qe3 {[%emt 0:00:46]} Bxd3 {[%emt 0:00:30]} 45. Bxd3 {[%emt 0:01:11]} Rxd3 {[%emt 0:00:01]} 46. Qxe4 {[%emt 0:00:09]} Qd4+ {[%emt 0:03:07]} 47. Qxd4 {[%emt 0:00:03]} cxd4 {[%emt 0:00:36]} 48. Rxg5+ {[%emt 0:00:05]} Kh7 {[%emt 0:00:18]} 49. Bf2 {[%emt 0:01:10]} Rd1+ {[%emt 0:00:16]} 50. Kg2 {[%emt 0:00:04]} Rd2 {[%emt 0:00:17]} 51. Rb5 {[%emt 0:01:20]} Rxa2 {[%emt 0:00:15]} 52. Rxb6 {[%emt 0:00:02]} d3 {[%emt 0:00:25]} 53. Kf3 {[%emt 0:01:28]} d2 {[%emt 0:00:48]} 54. Rd6 {[%emt 0:00:37]} Rb2 {[%emt 0:00:30]} 55. g5 {[%emt 0:00:01]} a2 {[%emt 0:00:46]} 56. g6+ {[%emt 0:00:02]} Kh6 {[%emt 0:00:28]} 57. Be3+ {[%emt 0:00:01]} Kh5 {[%emt 0:00:22]} 58. g7 {[%emt 0:02:29]} d1=Q+ {[%emt 0:00:38]} 59. Rxd1 {[%emt 0:00:00]} 1-0

[Event "Thailand Pattaya Open 2018"]
[Site "Pattaya"]
[Date "2018.10.29"]
[Round "7"]
[White "Kongsee, Uaychai"]
[Black "Pourramezanali, Amirreza"]
[Result "1-0"]
[WhiteElo "2245"]
[BlackElo "2533"]
[Annotator "TA"]
[PlyCount "109"]
[EventDate "2018.10.24"]
[EventType "swiss"]
[EventCountry "THA"]
[SourceTitle "playchess.com"]
[Source "ChessBase"]
[SourceQuality "1"]

{[%evp 21,109,0,0,0,1,-33,-33,-36,-25,-40,-44,-48,-52,-77,-36,-51,-41,-99,-83,-86,-48,-48,-48,-48,-48,-49,-55,-59,-73,-72,-68,-70,-62,-64,-79,-69,0,0,0,-33,0,-11,-14,-10,0,-34,0,0,0,0,0,0,0,0,0,0,86,86,342,342,316,307,294,327,386,378,352,341,660,741,721,735,696,648,580,462,1724,1396,29973,29971,29977,12366,29982,29980,29983,29984,29988,29989,29989,29990]} 1. e4 c6 2. d4 d5 3. Nc3 dxe4 4. Nxe4 Nf6 5. Nxf6+ exf6 6. c3 Bd6 7. Bd3 O-O 8. Qc2 h6 9. Ne2 Re8 10. Be3 Nd7 11. O-O-O {B15: Caro-Kann: 3 Nc3: 3...g6 and 3...dxe4 4 Nxe4 Nf6 5 Nxf6+ exf6} Nf8 {LiveBook: 4 Games} 12. Kb1 Be6 13. Nf4 $146 {The position is equal.} ({Predecessor:} 13. c4 Qa5 14. Bd2 Bb4 15. Bxb4 Qxb4 16. Qc3 Qxc3 17. Nxc3 Ng6 18. d5 cxd5 19. cxd5 {½-½ (45) Ermenkov,E (2423)-Berkovich,M (2354) Plovdiv 2013}) 13... Bxf4 14. Bxf4 b5 15. Rhg1 a5 {[%cal Ba7a5,Ba5a4][%mdl 32]} 16. g4 a4 17. Be4 Qd7 (17... Bb3 $5 18. axb3 axb3 $17) 18. f3 Bd5 19. h4 ({White should try} 19. Rde1 $15) 19... Ng6 20. Bf5 Qd8 21. Bxg6 fxg6 22. Qxg6 Bf7 23. Qf5 Be6 24. Qh5 Qd5 25. Qxd5 Bxd5 26. g5 Bxf3 27. Rdf1 Be4+ 28. Kc1 Kh7 (28... fxg5 $1 $15 29. hxg5 h5) 29. gxf6 $11 gxf6 30. Rg3 Ra7 31. Re1 Rae7 32. Rge3 Kg6 33. Kd2 (33. h5+ $5 Kxh5 34. d5 cxd5 35. Rg3 $11) 33... Re6 34. h5+ Kg7 35. Rg1+ Kh7 36. Reg3 R8e7 37. a3 Bf5 38. Be3 Rf7 (38... Be4 $11 {keeps the balance.}) 39. Rg6 $1 $16 {[%csl Ge3][%cal Rg6h6] [#]} Rxe3 $4 {[%mdl 8192]} (39... Kh8 $16) 40. Kxe3 {[%mdl 4096] Endgame KRR-KRB} Re7+ 41. Kf4 Bxg6 42. Rxg6 $18 {KR-KR} Re2 43. Rxf6 Rxb2 44. Rxc6 Kg7 $2 {[#]} (44... Rh2 45. Rc5 Rh3) 45. Ke5 Kf7 46. Rc7+ Ke8 47. d5 Rh2 48. Rh7 Rh3 (48... Re2+ $142 49. Kd4 Rd2+ 50. Kc5 Rd3 51. Rxh6 Rxc3+ 52. Kxb5 Rd3 53. Rh8+ Kf7 54. Rh7+ Ke8) 49. Rxh6 Rxc3 50. Rh8+ Kd7 51. h6 Rxa3 52. h7 {White mates.} Rh3 53. Ra8 a3 54. h8=Q Rxh8 55. Rxh8 {Precision: White = 72%, Black = 38%.} 1-0

[Event "Thailand Pattaya Open 2018"]
[Site "Pattaya"]
[Date "2018.10.29"]
[Round "7"]
[White "Chan, Yi Meng Ryan"]
[Black "Duong, The Anh"]
[Result "0-1"]
[WhiteElo "1938"]
[BlackElo "2307"]
[Annotator "NA"]
[PlyCount "48"]
[EventDate "2018.10.24"]
[EventType "swiss"]
[EventCountry "THA"]
[SourceTitle "playchess.com"]
[Source "ChessBase"]
[SourceQuality "1"]
[TimeControl "5400+30"]

1. d4 {[%emt 0:03:09]} Nf6 {[%emt 0:01:34]} 2. c4 {[%emt 0:00:32]} e6 {[%emt 0:00:10]} 3. Nf3 {[%emt 0:00:08]} b6 {[%emt 0:00:32]} 4. g3 {[%emt 0:00:30]} Ba6 {[%emt 0:00:40]} 5. Qc2 {[%emt 0:00:27]} c5 {[%emt 0:01:49]} 6. d5 {[%emt 0:00:39]} exd5 {[%emt 0:03:15]} 7. cxd5 {[%emt 0:00:09]} Bb7 {[%emt 0:00:52]} 8. Bg2 {[%emt 0:01:43]} Nxd5 {[%emt 0:01:53]} 9. O-O {[%emt 0:00:27]} Nc6 {[%emt 0:02:26]} 10. Rd1 {[%emt 0:11:26]} Be7 {[%emt 0:03:49]} 11. Qf5 {[%emt 0:06:35]} Nf6 {[%emt 0:06:29]} 12. e4 {[%emt 0:08:17]} g6 {[%emt 0:11:34]} 13. Qf4 {[%emt 0:00:13]} Nh5 {[%emt 0:07:08]} 14. Qd2 {[%emt 0:06:11]} O-O {[%emt 0:08:08]} 15. Nc3 {[%emt 0:16:50]} d6 {[%emt 0:05:41]} 16. Qh6 {[%emt 0:12:26]} f6 {[%emt 0:03:46]} 17. e5 {[%emt 0:06:49]} fxe5 {[%emt 0:08:55]} 18. Ng5 {[%emt 0:04:56]} Bxg5 {[%emt 0:01:18]} 19. Bxg5 {[%emt 0:00:03]} Qd7 {[%emt 0:01:49]} 20. g4 {[%emt 0:07:04]} Qxg4 {[%emt 0:03:16]} 21. Nd5 {[%emt 0:06:01]} Rf7 {[%emt 0:03:21]} 22. Ne3 {[%emt 0:00:36]} Qd7 {[%emt 0:00:57]} 23. Bd5 {[%emt 0:00:14]} Nd4 {[%emt 0:01:26]} 24. Bxf7+ {[%emt 0:02:28]} Qxf7 {[%emt 0:00:27]} 0-1

[Event "Thailand Pattaya Open 2018"]
[Site "Pattaya"]
[Date "2018.10.30"]
[Round "8"]
[White "Pourramezanali, Amirreza"]
[Black "Vaingorten, Yaaqov"]
[Result "1-0"]
[WhiteElo "2533"]
[BlackElo "2224"]
[Annotator "TA"]
[PlyCount "77"]
[EventDate "2018.10.24"]
[EventType "swiss"]
[EventCountry "THA"]
[SourceTitle "playchess.com"]
[Source "ChessBase"]
[SourceQuality "1"]

{[%evp 11,77,9,20,0,0,0,0,-25,-20,-28,-11,-25,-29,-33,-25,-33,-22,-30,-10,-11,-10,-10,-10,-17,-15,-17,-21,-18,-4,-12,-12,-12,-13,-12,-20,-95,-87,-119,-110,-104,-94,-84,-65,-89,-42,-27,0,0,264,145,169,192,346,327,555,389,625,606,605,603,703,604,1620,1536,5585,5453,1748,773]} 1. d4 f5 2. Nc3 Nf6 3. Bg5 d5 4. Bxf6 exf6 5. e3 Be6 6. Bd3 Nc6 {[%cal Bb8c6,Bc6e7,Be7c8,Bc8d6][%mdl 32] LiveBook: 199 Games} 7. Nh3 {A80: Dutch Defence: Unusual White second moves} (7. a3 Bd6 8. Nce2 Ne7 9. Nf3 c6 10. Nd2 Qd7 11. b3 O-O-O 12. c4 Kb8 13. c5 Bc7 14. b4 g5 15. Rb1 {1-0 (58) Inarkiev,E (2688)-Nepomniachtchi,I (2714) Sochi 2014}) 7... g5 8. Ng1 $146 {[%cal Bh3g1,Bg1e2,Be2c1,Bc1b3][%mdl 32]} ({Predecessor:} 8. Be2 Qd7 9. Bh5+ Kd8 10. Be2 Ne7 11. Qd2 a6 12. f3 f4 13. e4 Bxh3 14. gxh3 dxe4 15. fxe4 Qxh3 {½-½ (37) Lebredo Zarragoitia,G (2240)-Martins,C (2235) Curitiba 2011}) 8... Qd7 9. Nge2 {The position is equal.} O-O-O 10. Qd2 Ne7 11. O-O-O Kb8 12. Kb1 Nc8 13. Nc1 Nd6 14. f3 Bh6 15. Nb3 b6 16. e4 fxe4 17. fxe4 dxe4 18. Nxe4 Nxe4 19. Bxe4 f5 $36 {[%mdl 2048] Black is more active.} 20. Bf3 Bd5 {And now ...g4 would win.} 21. Bxd5 Qxd5 22. h4 f4 23. Qe2 {[#]} (23. hxg5 $11 Bxg5 24. Qf2) 23... g4 $1 $17 {[%mdl 512]} 24. Rhf1 {[#]} (24. Qxg4 Rhg8) 24... f3 $1 {[%mdl 512]} 25. gxf3 g3 26. Qg2 Rhg8 {[%mdl 1024] Black has strong compensation.} 27. Rde1 Rdf8 28. Re5 $1 {[%cal Re5d5]} Qd8 {[#]} 29. f4 $1 {[%mdl 512]} c6 $2 {[%mdl 8192] [#]} (29... Qxh4 30. Na5 $1 $18 {[%mdl 512]}) (29... Bxf4 $11 {and Black stays safe.} 30. Na5 Qc8 31. Nc6+ Ka8) (29... Rxf4 30. Rxf4) 30. f5 ({Only move:} 30. Na5 $1 $18 {[%cal Ra5c6][%mdl 512]} bxa5 31. Qxc6) 30... Qd6 31. Rf3 {[%cal Bf1f3,Bf3g3,Bg3g8][%mdl 32]} (31. Re6 {[#]} Qxe6 $3 {[%mdl 512]} 32. fxe6 Rxf1+ 33. Qxf1 g2 $19) 31... Rd8 $2 (31... Rf7 32. c3 (32. Rxg3 Rxg3 33. Qxg3 Rxf5 $16) 32... Qd7) 32. a4 $18 Rg4 $2 (32... Qc7 {is a better defense.} 33. f6 (33. Rxg3 Rxg3 34. Qxg3 Bg7 $16) 33... Bf8) 33. Rxg3 Rxh4 $2 (33... Rxg3 34. Qxg3 Kb7) 34. Rg8 {White is clearly winning.} Bf8 35. Re6 Qf4 36. Qxc6 {Threatening mate with Rg7!} Qf1+ 37. Ka2 {White wants to mate with Rxf8!} Qxf5 38. Re8 Qc8 39. Qxc8+ {Precision: White = 53%, Black = 40%.} (39. Rxd8 $142 Qxd8 40. Qf3) 1-0